[Event "Abu Dhabi Masters op"]
[Site "Abu Dhabi"]
[Date "1999.08.29"]
[Round "8"]
[White "Iuldachev, Saidali"]
[Black "Safin, Shukhrat"]
[Result "0-1"]
[WhiteElo "2491"]
[BlackElo "2494"]
[PlyCount "87"]
[EventDate "1999.08.21"]
[Source "www.chesslib.no"]
[SourceDate "2004.05.04"]

1. e4 e5 2. Nf3 Nc6 3. Bb5 a6 4. Ba4 d6 5. O-O Nge7 6. d4 b5 7. Bb3 Nxd4 8. Nxd4 exd4 9. c3 dxc3 10. Qh5 Ng6 11. Nxc3 Ne5 12. f4 Bg4 13. Bxf7+ Kd7 14. Qg5 Qxg5 15. fxg5 Be7 16. Bb3 Rhf8 17. a4 Rxf1+ 18. Kxf1 Rf8+ 19. Kg1 b4 20. Nd5 a5 21. Be3 Bd8 22. Rf1 Rxf1+ 23. Kxf1 Be6 24. Ke2 c6 25. Nb6+ Ke7 26. Bxe6 Kxe6 27. b3 d5 28. exd5+ cxd5 29. h4 Nc6 30. Bc5 g6 31. g3 Bc7 32. Kf2 Be5 33. Na8 Bd4+ 34. Bxd4 Nxd4 35. Nc7+ Ke5 36. Ne8 Nxb3 37. Nf6 h5 38. g4 hxg4 39. Nxg4+ Kf4 40. Ne3 d4 41. Nc4 d3 42. h5 d2 43. Nxd2 Nxd2 44. h6 0-1

[Event "Reykjavik Olafsson"]
[Site "Reykjavik"]
[Date "1995.??.??"]
[Round "4"]
[White "Arnason, Jon L"]
[Black "Gretarsson, Helgi Ass"]
[Result "1/2-1/2"]
[WhiteElo "2545"]
[BlackElo "2440"]
[PlyCount "59"]
[EventDate "1995.09.??"]
[Source "ChessBase"]

1. e4 e5 2. Nf3 Nc6 3. Bb5 a6 4. Ba4 d6 5. O-O Bd7 6. d4 b5 7. Bb3 Nxd4 8. Nxd4 exd4 9. c3 dxc3 10. Qh5 Qe7 11. Nxc3 Nf6 12. Qd1 c6 13. Re1 Be6 14. Bg5 h6 15. Nd5 Qd8 16. Nxf6+ gxf6 17. Bh4 Be7 18. Qf3 Kd7 19. Rac1 Rc8 20. Red1 h5 21. h3 Rh6 22. Rd2 Qb6 23. Rcd1 Kc7 24. Bg3 Rd8 25. Bxd6+ Bxd6 26. Rxd6 Rxd6 27. Rxd6 Kxd6 28. Qf4+ Ke7 29. Qxh6 Bxb3 30. axb3 1/2-1/2

[Event "Moscow RUS"]
[Site "?"]
[Date "2005.02.23"]
[Round "9"]
[White "Chebotarev Oleg"]
[Black "Yandemirov Valeri"]
[Result "0-1"]
[WhiteElo "2480"]
[BlackElo "2503"]
[PlyCount "66"]
[EventDate "2005.??.??"]
[Source "www.chesslib.no"]
[SourceDate "2004.05.04"]

1. e4 e5 2. Nf3 Nc6 3. Bb5 a6 4. Ba4 d6 5. O-O Bg4 6. h3 h5 7. d4 b5 8. Bb3 Nxd4 9. hxg4 Nxb3 10. axb3 hxg4 11. Ng5 Qd7 12. c4 Rb8 13. Rxa6 f6 14. Nc3 fxg5 15. Nxb5 Nf6 16. Qd3 Qf7 17. Qg3 Qh5 18. f3 Kd7 19. Be3 Be7 20. Ra7 Rbc8 21. Nc3 gxf3 22. gxf3 Qh1+ 23. Kf2 Qh2+ 24. Qxh2 Rxh2+ 25. Ke1 Rxb2 26. Bxg5 Rxb3 27. Bxf6 Bxf6 28. Nd5 Bg5 29. Ke2 Rh8 30. Kf2 Rb2+ 31. Kg3 Bh4+ 32. Kg4 Rg2+ 33. Kh3 Rg6 0-1

[Event "Villalba op"]
[Site "?"]
[Date "1997.??.??"]
[Round "5"]
[White "Lanka Zigurds"]
[Black "Reyes Juan"]
[Result "1/2-1/2"]
[WhiteElo "2575"]
[BlackElo "2405"]
[PlyCount "54"]
[EventDate "1997.??.??"]
[Source "www.chesslib.no"]
[SourceDate "2004.05.04"]

1. e4 e5 2. Nf3 Nc6 3. Bb5 a6 4. Ba4 d6 5. O-O Bd7 6. d4 b5 7. Bb3 exd4 8. c3 d3 9. Qxd3 Nf6 10. a4 Be7 11. axb5 axb5 12. Rxa8 Qxa8 13. Bc2 h6 14. Na3 b4 15. Nc4 bxc3 16. bxc3 O-O 17. Bf4 Bc8 18. e5 dxe5 19. Nfxe5 Rd8 20. Qe2 Nxe5 21. Nxe5 Be6 22. Bg3 Qd5 23. Re1 Bd6 24. h3 Qc5 25. Qf3 Qd5 26. Qe3 Qc5 27. Qf3 Qd5 1/2-1/2

[Event "Niksic"]
[Site "Niksic"]
[Date "2000.??.??"]
[Round "?"]
[White "Kalezic, Blazo"]
[Black "Zontakh, Andrey"]
[Result "1/2-1/2"]
[WhiteElo "2403"]
[BlackElo "2576"]
[PlyCount "165"]
[EventDate "2000.??.??"]
[Source "www.chesslib.no"]
[SourceDate "2004.05.04"]

1. e4 e5 2. Nf3 Nc6 3. Bb5 a6 4. Ba4 d6 5. O-O b5 6. Bb3 Bg4 7. h3 h5 8. hxg4 hxg4 9. g3 gxf3 10. Qxf3 Nf6 11. c3 Qd7 12. d3 Be7 13. a4 Na5 14. Bd1 b4 15. Be3 bxc3 16. bxc3 c5 17. Nd2 Rb8 18. Be2 Rb2 19. Rfd1 Qh3 20. Qg2 Qe6 21. Rdb1 Rxb1+ 22. Rxb1 O-O 23. Qf3 d5 24. Kg2 d4 25. cxd4 cxd4 26. Bg5 Nd7 27. Bxe7 Qxe7 28. Qh5 g6 29. Qh6 Rd8 30. Nf3 Qf6 31. Ng5 Nf8 32. Bg4 Nc6 33. Rb6 a5 34. Rb7 Ne7 35. Bd1 Ne6 36. Qh7+ Kf8 37. Nxe6+ fxe6 38. Bb3 Re8 39. Ra7 Nc6 40. Rc7 Nd8 41. Qd7 Nf7 42. Rc8 Qe7 43. Rxe8+ Qxe8 44. Qxe6 Qxe6 45. Bxe6 Nd6 46. Bd5 Ke7 47. f4 Kf6 48. Kf3 g5 49. fxe5+ Kxe5 50. Kg4 Kf6 51. Bb3 Nb7 52. e5+ Kxe5 53. Kxg5 Nc5 54. Bc2 Ne6+ 55. Kg6 Nf8+ 56. Kf7 Nh7 57. Bb3 Nf6 58. Ke7 Nh5 59. g4 Nf4 60. Bc4 Ne2 61. Kd7 Nc3 62. Bb3 Kf4 63. Kc6 Kxg4 64. Kc5 Kf4 65. Kxd4 Ne2+ 66. Kc4 Ke5 67. Bd1 Nf4 68. Bf3 Kd6 69. d4 Ne6 70. d5 Nc5 71. Kb5 Nb3 72. Bg2 Kc7 73. Kc4 Nc1 74. Kb5 Nb3 75. Bf1 Kd6 76. Bc4 Nd2 77. Ba2 Ne4 78. Kxa5 Kc5 79. Bb3 Nc3 80. Bc4 Kxc4 81. d6 Ne4 82. d7 Nc5 83. d8=Q 1/2-1/2

[Event "Camp. italiano 2007"]
[Site "Martina Franca ITA"]
[Date "2007.12.02"]
[Round "9"]
[White "Borgo, Giulio"]
[Black "Godena, Michele"]
[Result "1/2-1/2"]
[WhiteElo "2440"]
[BlackElo "2535"]
[PlyCount "43"]
[EventDate "2007.11.23"]
[Source "www.chesslib.no"]
[SourceDate "2004.05.04"]

1. e4 e5 2. Nf3 Nc6 3. Bb5 a6 4. Ba4 d6 5. O-O Bg4 6. c3 Qf6 7. d3 Bxf3 8. Qxf3 Qxf3 9. Bxc6+ bxc6 10. gxf3 Ne7 11. f4 exf4 12. Bxf4 f5 13. f3 Rb8 14. b3 g5 15. Be3 Rg8 16. Nd2 g4 17. exf5 Nxf5 18. Ba7 gxf3+ 19. Kh1 Rb5 20. Rae1+ Ne7 21. Be3 Rf5 22. Nxf3 1/2-1/2

[Event "Asia Ch"]
[Site "Dubai UAE"]
[Date "1996.??.??"]
[Round "?"]
[White "Magomedov, Magaram"]
[Black "Safin, Shukhrat"]
[Result "1-0"]
[WhiteElo "2460"]
[BlackElo "2510"]
[PlyCount "72"]
[EventDate "1996.??.??"]
[Source "www.chesslib.no"]
[SourceDate "2004.05.04"]

1. e4 e5 2. Nf3 Nc6 3. Bb5 a6 4. Ba4 d6 5. O-O Nge7 6. c3 Ng6 7. d4 Bd7 8. Nbd2 Be7 9. Bc2 O-O 10. d5 Nb8 11. c4 a5 12. Rb1 Bg5 13. Nxg5 Qxg5 14. g3 Qe7 15. a3 a4 16. Re1 Qe8 17. Nf1 f5 18. exf5 Bxf5 19. Bxf5 Rxf5 20. Nd2 Nd7 21. Ne4 Qe7 22. Be3 b6 23. Qg4 Raf8 24. h4 Nc5 25. Bxc5 bxc5 26. h5 Nh8 27. b4 axb3 28. Rxb3 Qf7 29. Re2 Qxh5 30. Qxh5 Rxh5 31. Rb7 Rc8 32. a4 Rf5 33. a5 Rff8 34. a6 Ng6 35. a7 Ra8 36. Reb2 Ne7 1-0

[Event "Moscow-D"]
[Site "Moscow"]
[Date "1996.??.??"]
[Round "?"]
[White "Drozdov, Igor"]
[Black "Vorotnikov, Vladislav V"]
[Result "0-1"]
[WhiteElo "2455"]
[BlackElo "2505"]
[PlyCount "64"]
[EventDate "1996.??.??"]
[Source "www.chesslib.no"]
[SourceDate "2004.05.04"]

1. e4 e5 2. Nf3 Nc6 3. Bb5 a6 4. Ba4 d6 5. O-O Bg4 6. c3 Qf6 7. Bxc6+ bxc6 8. d4 Ne7 9. Nbd2 Ng6 10. Qa4 Bd7 11. Nc4 Qe6 12. Qb3 f6 13. Qb7 Rc8 14. Na5 d5 15. dxe5 dxe4 16. Nd4 Qxe5 17. Nc4 Qh5 18. Qxa6 Bd6 19. Nxd6+ cxd6 20. Qb7 Ne5 21. f4 exf3 22. Nxf3 O-O 23. Nxe5 fxe5 24. Be3 Bf5 25. Qe7 Rf6 26. Rf2 Rcf8 27. Raf1 Qg6 28. Re1 Bh3 29. Rd2 Qe4 30. Rde2 Qg4 31. Rd2 h6 32. Qc7 Rf2 0-1

[Event "Amber-blind 2nd"]
[Site "Monte Carlo"]
[Date "1993.??.??"]
[Round "3"]
[White "Anand, Viswanathan"]
[Black "Piket, Jeroen"]
[Result "1/2-1/2"]
[WhiteElo "2710"]
[BlackElo "2245"]
[PlyCount "51"]
[EventDate "1993.03.??"]
[Source "ChessBase"]

1. e4 e5 2. Nf3 Nc6 3. Bb5 a6 4. Ba4 d6 5. O-O Bg4 6. h3 h5 7. c3 Qf6 8. d3 Bxf3 9. Qxf3 Qxf3 10. gxf3 Nge7 11. f4 O-O-O 12. fxe5 dxe5 13. Rd1 g6 14. Bb3 f6 15. Na3 Bh6 16. Nc4 Bxc1 17. Raxc1 f5 18. Ne3 Rd6 19. Kf1 Rf8 20. Ke2 fxe4 21. dxe4 Rdf6 22. Rf1 Nd8 23. Rcd1 Ne6 24. Bxe6+ Rxe6 25. Nd5 Nxd5 26. Rxd5 1/2-1/2

[Event "Europa ch 2008"]
[Site "Plovdiv BUL"]
[Date "2008.04.29"]
[Round "8.94"]
[White "Djukic, Nikola"]
[Black "Kapnisis, Spyridon"]
[Result "1/2-1/2"]
[WhiteElo "2543"]
[BlackElo "2412"]
[PlyCount "70"]
[EventDate "2008.04.21"]
[Source "www.chesslib.no"]
[SourceDate "2004.05.04"]

1. e4 e5 2. Nf3 Nc6 3. Bb5 a6 4. Ba4 d6 5. O-O Bg4 6. h3 h5 7. Bxc6+ bxc6 8. d4 Bxf3 9. Qxf3 exd4 10. Rd1 Qf6 11. Qb3 Ne7 12. Qb7 Rd8 13. c3 g5 14. cxd4 g4 15. h4 Qxh4 16. Nc3 g3 17. fxg3 Qxg3 18. Qxa6 h4 19. Qd3 Qg4 20. Qf3 Rg8 21. Qxg4 Rxg4 22. Kf2 f5 23. Kf3 Rg3+ 24. Kf2 Rg6 25. Re1 fxe4 26. Rxe4 Bg7 27. Ne2 Kd7 28. Rxh4 Nd5 29. Bd2 Rf8+ 30. Kg1 Re8 31. Re1 Rge6 32. Kf2 Rf8+ 33. Kg1 Rfe8 34. Kf2 Rf8+ 35. Kg1 Rfe8 1/2-1/2

[Event "RUS-ch sf"]
[Site "Ekaterinburg"]
[Date "1996.??.??"]
[Round "?"]
[White "Varavin, Viktor"]
[Black "Yandemirov, Valeri"]
[Result "1/2-1/2"]
[WhiteElo "2515"]
[BlackElo "2430"]
[PlyCount "136"]
[EventDate "1996.??.??"]
[Source "www.chesslib.no"]
[SourceDate "2004.05.04"]

1. e4 e5 2. Nf3 Nc6 3. Bb5 a6 4. Ba4 d6 5. O-O Bg4 6. h3 h5 7. d3 Qf6 8. Nbd2 g5 9. Bxc6+ bxc6 10. Nc4 Bxf3 11. Qxf3 Qxf3 12. gxf3 Ne7 13. Rd1 Bh6 14. Kf1 O-O-O 15. Ke2 Ng6 16. Rg1 Rdf8 17. b4 f5 18. Rb1 g4 19. fxg4 fxe4 20. dxe4 Bxc1 21. Rbxc1 Nf4+ 22. Ke3 Nxh3 23. Rg3 hxg4 24. Rh1 Rf4 25. Nd2 Rhf8 26. f3 Ng5 27. Rxg4 Ne6 28. Rxf4 Nxf4 29. Nb3 Rg8 30. Rf1 Rg2 31. Rf2 Rg1 32. Kd2 Kb7 33. a4 Kb6 34. c4 Ne6 35. a5+ Kb7 36. Kc2 Rg3 37. Kd2 Nf4 38. Ke3 Rg1 39. Kd2 Ne6 40. Kc2 Rg3 41. Kd3 Nf4+ 42. Ke3 Rg1 43. Kd2 Ne6 44. Kc3 Rh1 45. Kd2 Ng5 46. Kc2 Rh3 47. Nd2 Ne6 48. Nb3 c5 49. bxc5 dxc5 50. Kb2 Kc6 51. Nc1 Kd6 52. Nd3 Nd4 53. Rg2 Rxf3 54. Rg6+ Ne6 55. Nxc5 Kxc5 56. Rxe6 Kxc4 57. Rxa6 Rb3+ 58. Kc2 Rc3+ 59. Kb2 Kd4 60. Ra8 Rc5 61. a6 Rb5+ 62. Kc2 Ra5 63. a7 Kxe4 64. Kc3 c6 65. Kb4 Ra1 66. Kc5 Ra6 67. Kc4 Ra1 68. Kc5 Ra6 1/2-1/2

[Event "KNSB TCh-NED 2007-8"]
[Site "Netherlands NED"]
[Date "2008.02.09"]
[Round "6"]
[White "Feygin, M."]
[Black "Vandevoort, P."]
[Result "1/2-1/2"]
[WhiteElo "2554"]
[BlackElo "2383"]
[PlyCount "86"]
[EventDate "2008.02.09"]
[Source "www.chesslib.no"]
[SourceDate "2004.05.04"]

1. e4 e5 2. Nf3 Nc6 3. Bb5 a6 4. Ba4 d6 5. O-O Bg4 6. h3 h5 7. d4 b5 8. Bb3 Nxd4 9. hxg4 Nxb3 10. axb3 hxg4 11. Ng5 Qd7 12. Nc3 c6 13. g3 f6 14. f4 exf4 15. Bxf4 fxg5 16. Bxg5 Be7 17. Qd2 Nf6 18. Kg2 Qe6 19. Rae1 Rh3 20. Rf5 O-O-O 21. Qf2 Kb7 22. e5 Rdh8 23. Bh4 Ng8 24. exd6 Qxd6 25. Ne4 Qc7 26. Rf7 R8xh4 27. Nc5+ Ka8 28. Rf8+ Bxf8 29. Re8+ Ka7 30. Nxa6+ c5 31. Nxc7 Rh2+ 32. Kf1 Rxf2+ 33. Kxf2 Rh2+ 34. Ke3 Kb6 35. Rxf8 Kxc7 36. Rxg8 Rxc2 37. Rxg7+ Kb6 38. Kd3 Rxb2 39. Kc3 Rf2 40. Rxg4 Rf3+ 41. Kb2 Ka5 42. b4+ cxb4 43. Rg8 Rf2+ 1/2-1/2

[Event "Novi Sad (ol)"]
[Site "?"]
[Date "1990.??.??"]
[Round "?"]
[White "Yudasin, L."]
[Black "Castro, O."]
[Result "1-0"]
[WhiteElo "2615"]
[BlackElo "2320"]
[PlyCount "71"]
[EventDate "1990.??.??"]
[Source "ChessBase"]
[SourceDate "1990.07.01"]

1. e4 e5 2. Nf3 Nc6 3. Bb5 a6 4. Ba4 d6 5. O-O Nge7 6. c3 Ng6 7. d4 Bd7 8. Be3 Be7 9. Nbd2 h6 10. d5 Nb8 11. c4 O-O 12. b4 c5 13. bxc5 dxc5 14. Rb1 b6 15. Rb2 Bd6 16. Ne1 Re8 17. Nd3 Bc7 18. g3 Bxa4 19. Qxa4 Nd7 20. Nb1 Ne7 21. Nc3 Nc8 22. Qb3 Nd6 23. a4 Qf6 24. f3 g6 25. Rbf2 Rab8 26. Qa2 Re7 27. a5 b5 28. cxb5 axb5 29. Nxc5 Nc4 30. d6 Nxe3 31. dxc7 Rc8 32. Re1 Qc6 33. Rxe3 Qxc5 34. Nd5 Re6 35. Kg2 Kg7 36. Rc3 1-0

[Event "KNSB TCh-NED 2007-8"]
[Site "Netherlands NED"]
[Date "2007.11.24"]
[Round "4"]
[White "Nijboer, F."]
[Black "Vandevoort, P."]
[Result "1/2-1/2"]
[WhiteElo "2559"]
[BlackElo "2375"]
[PlyCount "75"]
[EventDate "2007.10.06"]
[Source "www.chesslib.no"]
[SourceDate "2004.05.04"]

1. e4 e5 2. Nf3 Nc6 3. Bb5 a6 4. Ba4 d6 5. O-O Bd7 6. d4 exd4 7. Bxc6 bxc6 8. Qxd4 Nf6 9. Re1 Be7 10. e5 c5 11. Qd3 dxe5 12. Nxe5 Be6 13. Qxd8+ Rxd8 14. Nc6 Rd6 15. Nxe7 Kxe7 16. c4 Kd7 17. b3 Kc6 18. Nc3 Rd3 19. Na4 Nd7 20. Be3 Nb6 21. Nb2 Rd7 22. Rad1 Rhd8 23. Kf1 Bf5 24. Rxd7 Rxd7 25. Ke2 a5 26. Rd1 Rxd1 27. Kxd1 Bb1 28. a4 Nd7 29. Bf4 f6 30. Kd2 Nf8 31. Be3 Ne6 32. Kc3 h5 33. Nd3 g5 34. f3 Kd6 35. g3 g4 36. f4 f5 37. Nf2 Nd8 38. Kd2 1/2-1/2

[Event "Moscow RUS"]
[Site "?"]
[Date "2005.02.16"]
[Round "2"]
[White "Slizhevsky Alexander"]
[Black "Yandemirov Valeri"]
[Result "1-0"]
[WhiteElo "2425"]
[BlackElo "2503"]
[PlyCount "67"]
[EventDate "2005.??.??"]
[Source "www.chesslib.no"]
[SourceDate "2004.05.04"]

1. e4 e5 2. Nf3 Nc6 3. Bb5 a6 4. Ba4 d6 5. O-O Bg4 6. h3 h5 7. Bxc6+ bxc6 8. d4 Bxf3 9. Qxf3 exd4 10. Rd1 Qf6 11. Qb3 Ne7 12. Qb7 Rc8 13. c3 Qe5 14. Qxa6 Qxe4 15. cxd4 Qf5 16. Re1 Kd7 17. Na3 g6 18. Be3 Bg7 19. Rac1 Qd5 20. Qd3 Rhe8 21. Rc4 Nf5 22. Nc2 Nh4 23. f3 Qf5 24. Qc3 c5 25. Qa5 Nxf3+ 26. gxf3 Qxf3 27. Bf2 Qxh3 28. dxc5 Re5 29. c6+ Kd8 30. Rce4 Qe6 31. Nd4 Qe7 32. Rxe5 Bxe5 33. Nf3 f6 34. Qd5 1-0

[Event "WchT U26 17th"]
[Site "Graz"]
[Date "1972.??.??"]
[Round "9"]
[White "Kirilov, Nino"]
[Black "Balashov, Yuri S"]
[Result "0-1"]
[WhiteElo "2365"]
[BlackElo "2560"]
[PlyCount "78"]
[EventDate "1972.07.15"]
[Source "ChessBase"]

1. e4 e5 2. Nf3 Nc6 3. Bb5 a6 4. Ba4 d6 5. O-O Nge7 6. c4 Bg4 7. h3 Bxf3 8. Qxf3 Ng6 9. Nc3 Be7 10. Nd5 O-O 11. Bxc6 bxc6 12. Nxe7+ Nxe7 13. d3 Qd7 14. g4 f6 15. Be3 c5 16. Bd2 a5 17. Qg3 Rab8 18. Rab1 Qa4 19. f4 Qxa2 20. Bc3 Ng6 21. Ra1 Qb3 22. f5 Nf4 23. Rxf4 exf4 24. Qxf4 a4 25. g5 fxg5 26. Qxg5 Rf7 27. Kh1 c6 28. Rg1 Qb7 29. h4 Qd7 30. h5 a3 31. bxa3 Rb3 32. Qc1 Qe7 33. Rg4 d5 34. Qc2 dxc4 35. dxc4 Rxa3 36. e5 Rxc3 37. Qxc3 Rxf5 38. e6 Rxh5+ 39. Kg2 Rh6 0-1

[Event "Vienna op"]
[Site "Vienna"]
[Date "1996.??.??"]
[Round "1"]
[White "Kindermann, Stefan"]
[Black "Mahdi, Khaled"]
[Result "1/2-1/2"]
[WhiteElo "2530"]
[BlackElo "2390"]
[PlyCount "78"]
[EventDate "1996.08.??"]
[Source "ChessBase"]

1. e4 e5 2. Nf3 Nc6 3. Bb5 a6 4. Ba4 d6 5. O-O Bd7 6. d4 Nge7 7. d5 Nb8 8. c4 Ng6 9. Nc3 Be7 10. Be3 O-O 11. b4 f5 12. Bxd7 Qxd7 13. exf5 Qxf5 14. Nd2 Nd7 15. Nde4 Nf4 16. f3 Qg6 17. g3 Nh5 18. Kg2 Ndf6 19. Qd2 Nxe4 20. Nxe4 Rf7 21. c5 h6 22. Rac1 Raf8 23. Qd3 Kh8 24. Rc3 Kg8 25. a4 Nf6 26. Nxf6+ Qxf6 27. Qe4 Qf5 28. Qxf5 Rxf5 29. Rf2 Bg5 30. Bxg5 hxg5 31. Rd2 Kh7 32. a5 g4 33. fxg4 Rf1 34. c6 bxc6 35. Rxc6 Rb1 36. Rxc7 e4 37. Rf2 Rxf2+ 38. Kxf2 Rxb4 39. Rc6 Ra4 1/2-1/2

[Event "Kusadasi Open"]
[Site "Kusadasi"]
[Date "1990.??.??"]
[Round "7"]
[White "Velimirovic, Dragoljub"]
[Black "Deev, Andrei"]
[Result "1-0"]
[WhiteElo "2525"]
[BlackElo "2390"]
[PlyCount "101"]
[EventDate "1990.04.??"]
[Source "www.chesslib.no"]
[SourceDate "2004.05.04"]

1. e4 e5 2. Nf3 Nc6 3. Bb5 a6 4. Ba4 d6 5. O-O Bd7 6. d4 Be7 7. d5 Nb8 8. c4 Nf6 9. Nc3 O-O 10. Bxd7 Nbxd7 11. b4 a5 12. Ba3 Nb6 13. Nd2 axb4 14. Bxb4 c5 15. dxc6 bxc6 16. a4 Qb8 17. Ba3 Qa7 18. Qc2 Qa6 19. Qd3 Rfd8 20. Rfb1 Nfd7 21. a5 Nc8 22. Nb3 Nf8 23. Bc1 Ne6 24. Be3 Nc5 25. Nxc5 dxc5 26. Qf1 Kf8 27. Na4 Nd6 28. Nb6 Ra7 29. Bxc5 Nxe4 30. Bxe7+ Rxe7 31. Rd1 Rde8 32. Qd3 Nf6 33. Qd6 Qb7 34. Qc5 Kg8 35. a6 Ne4 36. Qe3 Qa7 37. c5 f5 38. Qb3+ Kf8 39. Qc2 Rb8 40. f3 Nxc5 41. Nc8 Rxc8 42. Qxf5+ Ke8 43. Qxc8+ Kf7 44. Kh1 g6 45. Qxc6 Ne6 46. Rdb1 Qf2 47. Qc4 Kf6 48. Rb7 Nf4 49. Qf1 Qd4 50. Qg1 Re8 51. Qxd4 1-0